1227 1654 1327 1149 1060 1567 1503 1461 1822 1011 1344 1792 1907 1037 1667 1719 1285 1544 1094 1863 1444 1788 1247 1224 1548 1321 1345 1822 1902 1229 1100 1462 1321 1998 1700 1571 1289 1090 1608 1606 1552 1047 1039 1149 1728 1508 1327 1213 1976 1063 1070 1819 1993 1897 1224 1755 1429 1673 1672 1409 1200 1228 1888 1175 1653 1538 1872 1082 1265 1464 1481 1265 1021 1380 1760 1092 1707 1488 1763 1456 1902 1138 1350 1638 1200 1104 1321 1593 1307 1036 1762 1027 1449 1061 1179 1627 1512 1855 1987 BCNSPRNW ULIB Ver.6.0+V

เปลี่ยนเป็นภาษาไทย

Change to English
 แสดงรายละเอียดบรรณานุกรม
  กลับหน้าหลัก

Brief Record : Get Marc (ISO 2709) : E-mail record : QR code < ปิดหน้าต่าง
LEADER : 00000nas 2200000uu 4500
001    13399122401
003     ULIB
008    020711s|||| th a 000 0 tha d
022    08591083
110    สำนักงานป้องกันควบคุมโรคที่ 5
245    วารสารวิชาการ สำนักงานป้องกันควบคุมโรคที่ 5 จังหวัดนครราชสีมา (วิทยาเขตนครสวรรค์)/^cสำนักงานป้องกันควบคุมโรคที่ 5
260    นครราชสีมา :^bสำนักงานป้องกันควบคุมโรคที่ 5
310    ^aรายสี่เดือน
850    ^aปีที่ 19 ฉบับที่ 1;ปีที่ 19 ฉบับที่ 2;ปีที่ 18 ฉบับที่ 2;ปีที่ 18 ฉบับที่ 3
945    ^p0^l0^i800446
945    ^p0^l0^i800638
945    ^p0^l0^i902013
945    ^p0^l0^i902014
999    ^aทศพร เกษรทอง
รายการนี้ยังไม่มีแท็ก
คุณยังไม่ได้ล็อกอิน คุณสามารถมีกิจกรรมร่วมกับเว็บไซต์ได้ แต่ต้องล็อกอินก่อน ::
  ล็อกอิน

รายการสื่อสารสนเทศ (วารสาร)

ดูแบบ: กล่อง รายการ
ARRIVED
ปีที่ 18 ฉบับที่ 2
สถานที่: ห้องสมุดวิทยาเขตสวรรค์ประชารักษ์ >วารสาร
ARRIVED
ปีที่ 18 ฉบับที่ 3
สถานที่: ห้องสมุดวิทยาเขตสวรรค์ประชารักษ์ >วารสาร
ARRIVED
ปีที่ 19 ฉบับที่ 1
สถานที่: ห้องสมุดวิทยาเขตสวรรค์ประชารักษ์ >วารสาร
ARRIVED
ปีที่ 19 ฉบับที่ 2
สถานที่: ห้องสมุดวิทยาเขตนครสวรรค์ >วารสาร

BibComment


ยังไม่เคยถูกคอมเมนท์

คอมเมนท์ทรัพยากรรายการนี้
  คอมเมนท์: วารสารวิชาการ สำน..


 Copyright 2026. Bcnsprnw @Library